000 00387nam a2200181Ia 4500
003 IT-RoPAU
008 120407s9999 xx 000 0 und d
040 _aIT-RoPAU
040 _cIT-RoPAU
100 _aPlacido M. Cambiaghi
245 _aLa Madonna nella liturgia
250 _aPavia
260 _aArtigianelli
300 _c cm
490 _v1
600 _aopuscolo
942 _cBK
999 _c955
_d955